Songs of Eurovision 2024 - Statistics

General Stats
  • This quiz has been taken 66 times
  • The average score is 28 of 37
Answer Stats
Country
+
Singer
Song % Correct
Italy 🇮🇹Angelina Mango LaNoia
89%
Finland 🇫🇮Windows95man No Rules
89%
Netherlands 🇳🇱Joost Klein Europapa
88%
Luxembourg 🇱🇺TALI Fighter
86%
Cyprus 🇨🇾Silia Kapsis Liar
86%
France 🇫🇷Slimane MonAmour
86%
Switzerland 🇨🇭Nemo TheCode
86%
Sweden 🇸🇪Marcus & Martinus Unforgettable
86%
Austria 🇦🇹Kaleen WeWill Rave
86%
Spain 🇪🇸Nebulossa Zorra
86%
Denmark 🇩🇰SABA SAND
84%
Poland 🇵🇱LUNA TheTower
84%
Belgium 🇧🇪Mustii BeforeThe Party's Over
82%
United Kingdom 🇬🇧Olly Alexander Dizzy
82%
Czechia 🇨🇿Aiko Pedestal
82%
Lithuania 🇱🇹Silvester Belt Luktelk
81%
San Marino 🇸🇲Megara 11:11
79%
Israel 🇮🇱Eden Golan Hurricane
79%
Serbia 🇷🇸Teya Dora Ramonda
79%
Germany 🇩🇪ISAAK AlwaysOn The Run
77%
Albania 🇦🇱Besa Titan
77%
Slovenia 🇸🇮Raiven Veronika
77%
Ireland 🇮🇪Bambie Thug Doomsday Blue
75%
Georgia 🇬🇪Nutsa Buzaladze Firefighter
75%
Croatia 🇭🇷Baby Lasagna Rim Tim Tagi Dim
75%
Portugal 🇵🇹Iolanda Grito
74%
Latvia 🇱🇻Dons Hollow
74%
Armenia 🇦🇲LADANIVA Jako
72%
Malta 🇲🇹Sarah Bonnici Loop
72%
Greece 🇬🇷Marina Satti Zari
72%
Ukraine 🇺🇦Alyona Alyona & Jerry Heil Teresa & Maria
68%
Iceland 🇮🇸Hera Björk Scared Of Heights
67%
Moldova 🇲🇩Natalia Barbu InThe Middle
63%
Norway 🇳🇴Gåte Ulveham
63%
Australia 🇦🇺Electric Fields One Milkali (One Blood)
46%
Azerbaijan 🇦🇿Fahree & Ilkin Dovlatov Özünlə apar
30%
Estonia 🇪🇪5miinust & Puuluup (Nendest) narkootikumidest ei tea me (küll) midagi
21%
No matching quizzes found
Score Distribution
Percent of People with Each Score
Percentile by Number Answered
Your Score History
You have not taken this quiz